00606nam a2200205Ia 4500003000400000005001700004008004100021020001900062040000700081041000800088082001500096100003100111245004100142260002000183300000900203650002200212942001300234999001900247952013400266OSt20251106115410.0250729s2005 xx 000 0 und d a 9788120717435 cAL aeng a371.2 SIDS aSidhu Singh Kulbir9223975 aSchool organisation & administration aNew Delhic2005 a481p aEducation9223976 2ddccBED c236173d236173 00104070aALbALd2025-07-29eSchool Book Companyg130.00l0o371.2 SIDSpBED01492r2025-07-29 16:54:37v130.00w2025-07-29yBK